000 00239nam a22001097a 4500
082 _aROG
100 _aRoger Hardy
245 _aThe muslim revolt a journey through political islam
260 _aLondon
_c2010
300 _a239
942 _cBK
999 _c55114
_d55111